| Tag |
First Indicator |
Second Indicator |
Subfields |
| LEADER |
00000cam a2200000 a 4500 |
| 001 |
in00001486913 |
| 005 |
20151021070309.0 |
| 008 |
890324s1986 cc af 001 0aeng |
| 010 |
|
|
|a 88117689
|
| 020 |
|
|
|a 0835115992 (pbk.)
|
| 035 |
|
|
|a (OCoLC)14368404
|
| 035 |
|
|
|9 AJG9895AM
|
| 040 |
|
|
|a DLC
|c DLC
|d TXA
|d UtOrBLW
|
| 041 |
1 |
|
|a eng
|a chi
|
| 043 |
|
|
|a a-cc---
|
| 049 |
|
|
|a TXAM
|
| 050 |
0 |
0 |
|a DS777.488.S483
|b A3 1986
|
| 082 |
0 |
0 |
|a 327.1/2/0924
|a B
|2 19
|
| 090 |
|
|
|a DS777.488.S483
|b A313 1986
|
| 100 |
1 |
|
|a Shen, Zui.
|
| 240 |
1 |
0 |
|a Wo zhe san shi nian.
|l English
|
| 245 |
1 |
2 |
|a A KMT war criminal in new China /
|c written by Shen Zui with the assistance of Shen Meijuan ; translated by Liang Xintu and Sun Binghe.
|
| 250 |
|
|
|a 1st ed.
|
| 264 |
|
1 |
|a Beijing :
|b Foreign Languages Press ;
|a Changsha :
|b Hunan People's Pub. House ;
|c 1986.
|
| 264 |
|
2 |
|a Beijing, China :
|b Distributed by China International Book Trading Corp.,
|
| 300 |
|
|
|a ix, 374 pages, 20 unnumbered pages of plates :
|b illustrations (some color) ;
|c 19 cm.
|
| 336 |
|
|
|a text
|b txt
|2 rdacontent
|
| 337 |
|
|
|a unmediated
|b n
|2 rdamedia
|
| 338 |
|
|
|a volume
|b nc
|2 rdacarrier
|
| 500 |
|
|
|a Translation of: Wo che san shih nien.
|
| 500 |
|
|
|a Colophon title in Chinese characters.
|
| 500 |
|
|
|a Includes index.
|
| 600 |
1 |
0 |
|a Shen, Zui.
|
| 651 |
|
0 |
|a China
|x Officials and employees
|v Biography.
|
| 650 |
|
0 |
|a Secret service
|z China.
|
| 700 |
1 |
|
|a Shen, Meijuan.
|
| 740 |
0 |
|
|a Wo che san shih nien.
|
| 948 |
|
|
|a c:ktn
|
| 999 |
|
|
|a MARS
|
| 999 |
f |
f |
|s 36321fe2-5d18-38cb-8a69-92fd5b834f1e
|i 712ca3fa-1270-3baa-a09d-997f07758677
|t 0
|
| 952 |
f |
f |
|p ric
|a Texas A&M University
|b Rellis Campus
|c Joint Library Facility
|d Remote Storage
|t 0
|e DS777.488.S483 A313 1986
|h Library of Congress classification
|i unmediated -- volume
|m A14824256345
|
| 998 |
f |
f |
|a DS777.488.S483 A313 1986
|t 0
|l Remote Storage
|